RICS awards 2006 (Record no. 106479)
[ view plain ]
| 000 -LEADER | |
|---|---|
| fixed length control field | 00900cam a2200193 4500 |
| 001 - CONTROL NUMBER | |
| control field | L136703 |
| 008 - FIXED-LENGTH DATA ELEMENTS--GENERAL INFORMATION | |
| fixed length control field | 070216n2006 000 0 eng u |
| 035 ## - SYSTEM CONTROL NUMBER | |
| System control number | (Sirsi) u136703 |
| 041 0# - LANGUAGE CODE | |
| Language code of text/sound track or separate title | eng |
| 050 ## - LIBRARY OF CONGRESS CALL NUMBER | |
| Classification number | 690.241 $2 18 |
| 110 2# - MAIN ENTRY--CORPORATE NAME | |
| Corporate name or jurisdiction name as entry element | Royal Institution of Chartered Surveyors |
| 9 (RLIN) | 4900 |
| 245 00 - TITLE STATEMENT | |
| Title | RICS awards 2006 |
| Remainder of title | the winners... |
| 260 ## - PUBLICATION, DISTRIBUTION, ETC. | |
| Place of publication, distribution, etc. | London |
| Name of publisher, distributor, etc. | RICS |
| Date of publication, distribution, etc. | 2006 |
| 505 2# - FORMATTED CONTENTS NOTE | |
| Formatted contents note | Building conservation -- Regeneration -- Sustainability -- Community benefit -- RICS project of the year. |
| 520 ## - SUMMARY, ETC. | |
| Summary, etc. | Profiles the winners of the RICS Awards 2006 including the alteration and refurbishment of the Devonshire Royal Hospital, the conservation of the Radcliffe Conservatory in Oxford, the regeneration of Portsmouth Harbour by the Spinnaker Tower and the Honingham Earth Sheltered Social Housing Scheme in Nofolk. |
| 651 #4 - SUBJECT ADDED ENTRY--GEOGRAPHIC NAME | |
| Geographic name | International |
| 690 ## - LOCAL SUBJECT ADDED ENTRY--TOPICAL TERM (OCLC, RLIN) | |
| Topical term or geographic name as entry element | ABOUT RICS-AWARDS-RICS AWARDS |
| 942 ## - ADDED ENTRY ELEMENTS (KOHA) | |
| Suppress in OPAC | 0 |
| Withdrawn status | Lost status | Source of classification or shelving scheme | Damaged status | Not for loan | Home library | Current library | Shelving location | Date acquired | Total Checkouts | Full call number | Barcode | Date last seen | Copy number | Price effective from | Koha item type |
|---|---|---|---|---|---|---|---|---|---|---|---|---|---|---|---|
| Dewey Decimal Classification | London | London | RICS Boxes | 16/02/2007 | RICS 2006/55 | 30073639 | 06/08/2019 | 1 | 06/08/2019 | Archive |